PMP : (Record no. 178817)

000 -LEADER
fixed length control field 01512 a2200277 4500
003 - CONTROL NUMBER IDENTIFIER
control field Nust
005 - DATE AND TIME OF LATEST TRANSACTION
control field 20230118124051.0
010 ## - LIBRARY OF CONGRESS CONTROL NUMBER
LC control number 2007270701
020 ## - INTERNATIONAL STANDARD BOOK NUMBER
International Standard Book Number 0072262907 (pbk.)
020 ## - INTERNATIONAL STANDARD BOOK NUMBER
International Standard Book Number 9780072262902 (pbk.)
035 ## - SYSTEM CONTROL NUMBER
System control number (OCoLC)63185777
035 ## - SYSTEM CONTROL NUMBER
System control number (OCoLC)ocm63185777
040 ## - CATALOGING SOURCE
Transcribing agency Nust
082 04 - DEWEY DECIMAL CLASSIFICATION NUMBER
Classification number 658.404,PHI
100 1# - MAIN ENTRY--PERSONAL NAME
Personal name Phillips, Joseph.
9 (RLIN) 96898
245 10 - TITLE STATEMENT
Title PMP :
Remainder of title project management professional study guide /
Statement of responsibility, etc. Joseph Phillips.
250 ## - EDITION STATEMENT
Edition statement 2nd ed.
260 ## - PUBLICATION, DISTRIBUTION, ETC.
Place of publication, distribution, etc. San Francisco :
Name of publisher, distributor, etc. McGraw-Hill/Osborne,
Date of publication, distribution, etc. 2006.
300 ## - PHYSICAL DESCRIPTION
Extent xxix, 591 p. :
Other physical details ill. ;
Dimensions 24 cm. +
Accompanying material 1 CD-ROM.
505 ## - FORMATTED CONTENTS NOTE
Formatted contents note Introducing project management (Page 3), Examing the project life cycle and organization (Page-39), Adapting the project mangement processes (Page-81), Implementing project integration management (Page-123), Managing the project scope (Page-173), Introducing project time management (Page-209), Introducing project cost management (Page-265), Introducing project quality management (Page-305), Introducing project HR management (Page-343), Introducing project communications management (Page-385).
650 #0 - SUBJECT ADDED ENTRY--TOPICAL TERM
Topical term or geographic name entry element Project management
General subdivision Examinations
9 (RLIN) 106969
856 42 - ELECTRONIC LOCATION AND ACCESS
Materials specified Contributor biographical information
Uniform Resource Identifier <a href="http://www.loc.gov/catdir/enhancements/fy0713/2007270701-b.html">http://www.loc.gov/catdir/enhancements/fy0713/2007270701-b.html</a>
856 42 - ELECTRONIC LOCATION AND ACCESS
Materials specified Publisher description
Uniform Resource Identifier <a href="http://www.loc.gov/catdir/enhancements/fy0713/2007270701-d.html">http://www.loc.gov/catdir/enhancements/fy0713/2007270701-d.html</a>
856 42 - ELECTRONIC LOCATION AND ACCESS
Materials specified Table of contents only
Uniform Resource Identifier <a href="http://www.loc.gov/catdir/enhancements/fy0713/2007270701-t.html">http://www.loc.gov/catdir/enhancements/fy0713/2007270701-t.html</a>
942 ## - ADDED ENTRY ELEMENTS (KOHA)
Source of classification or shelving scheme
Koha item type Book
Holdings
Withdrawn status Lost status Source of classification or shelving scheme Damaged status Not for loan Permanent Location Current Location Shelving location Date acquired Full call number Barcode Date last seen Price effective from Koha item type Public note
          Military College of Signals (MCS) Military College of Signals (MCS) General Stacks 12/12/2016 658.404,PHI MCS33227 12/08/2016 12/12/2016 Book Amirah No.42, Shelf No.6
© 2023 Central Library, National University of Sciences and Technology. All Rights Reserved.